000 00944cam a2200205 4500
001 X113021
008 000000n2001 000 0 eng u
035 _a(Sirsi) u113021
100 _aBarnes, R.
245 _aWhat's mine is yours
260 _c2001
490 _aBuilding
_v266(8186) 25 May 2001, 53(1)
520 _aWarns that partners and directors need to determine ownership of intellectual property rights, including copyright, as early as possible. Failing to do so risks the courts inferring a different licence from the one envisaged by the professional. Directors are reminded that by not protecting intellectual property rights they may be in breach of their fiduciary duties to safeguard the interests of their companies.
650 _aINTELLECTUAL PROPERTY RIGHTS
650 _aCOPYRIGHT
650 _aDIRECTORS RESPONSIBILITIES
650 _aFIDUCIARY DUTIES
690 _aMANAGEMENT-BUSINESS MANAGEMENT
942 _n0
999 _c67268
_d67268